NASIL MÜSLÜMAN OLDULAR 1 (Record no. 769174)

MARC details
000 -LEADER
sabit uzunluktaki kontrol alanı 00259nam a2200097Ia 4500
001 - KONTROL NUMARASI
kontrol alanı 769174
005 - EN SON İŞLEMİN TARİH VE ZAMANI
kontrol alanı 20250826165432.0
008 - SABİT-UZUNLUKTA VERİ ÖĞELERİ--GENEL BİLGİ
sabit uzunluktaki kontrol alanı 250824s9999 xx 000 0 und d
245 #0 - ESER / YAZAR
ESER ADI NASIL MÜSLÜMAN OLDULAR 1
Yazar Adı M SİNAN ADALI
260 ## - YAYIN, DAĞITIM, VB.
YAYIN EVİ UĞUR BÖCEĞİ YAYINLARI
Holdings
Düşüm durumu Kayıp durumu Hasar Durumu Ödünç verilmez Ana kütüphane Geçerli Kütüphane Edinilen tarih Toplam ödünç verme sayısı Barkod Son görüntüleme tarihi Fiyatın geçerli olmaya başladığı tarih Koha materyal türü
        BÜYÜKBAYRAM ORTAOKULU BÜYÜKBAYRAM ORTAOKULU 24.08.2025   1006465 26.08.2025 26.08.2025 Books